Land vs. Land #29 - Statistiken

Allgemein
  • Dieses Quiz wurde 22 mal gespielt
  • Das Durchschnittsergebnis liegt bei 10 aus 14
Antwortstatistiken
Frage Antwort % Korrekt
...Fläche? Kambodscha🇰🇭
85%
...Einwohner? Kambodscha🇰🇭
85%
...Bruttoinlandsprodukt pro Kopf? Serbien🇷🇸
85%
...Gesundheitswesen? Serbien🇷🇸
85%
...Lebenserwartung? Serbien🇷🇸
85%
...durchschnittlicher IQ? Serbien🇷🇸
85%
...Bruttoinlandsprodukt? Serbien🇷🇸
75%
...HDI (Human Development Index)? Serbien🇷🇸
75%
...Gewinner? Serbien🇷🇸
75%
...Tourismus? Kambodscha🇰🇭
55%
...Militär? Kambodscha🇰🇭
50%
...Happy Planet Index? Serbien🇷🇸
50%
...Frieden? Serbien🇷🇸
35%
...Exportmengen? Kambodscha🇰🇭
30%
Keine übereinstimmenden Quizze gefunden
Verteilung der Resultate
Anzahl Personen mit jedem Resultat
Perzentil nach korrekt beantworteten Fragen
Ihre Resultats-Entwicklung
Sie haben dieses Quiz noch nicht gespielt